LEADER 00911nam0 22002651i 450 001 UON00422032 005 20231205104829.271 100 $a20130409f1952 |0itac50 ba 101 $afre 102 $aFR 105 $a|||| 1|||| 200 1 $aEssences$fEdmond Jaloux 205 $aédition revue et augmentée 210 $aParis$cPlon$dc1952 215 $a244 p.$d19 cm. 620 $aFR$dParis$3UONL002984 676 $a840.9$cLetteratura francese. 1900-$v21 700 1$aJALOUX$bEdmond$3UONV169762$0201872 712 $aLibrairie Plon$3UONV248688$4650 801 $aIT$bSOL$c20240220$gRICA 899 $aSIBA - SISTEMA BIBLIOTECARIO DI ATENEO$2UONSI 912 $aUON00422032 950 $aSIBA - SISTEMA BIBLIOTECARIO DI ATENEO$dSI Francese VI A JAL 03 $eSI MR 33216 5 03 $sBuono 996 $aEssences$91335041 997 $aUNIOR LEADER 00906nam0-2200289 --450 001 9911064727203321 005 20260223110055.0 010 $a9791222300825 020 $aIT$b2024-7893 100 $a20260223d2024----kmuy0itay5050 ba 101 0 $aita 102 $aIT 105 $a 001yy 200 1 $a<>cura del paziente e la diversità spirituale$eper una medicina interculturale$fa cura di Giovanni Boniolo ed Enrica Martinelli 210 $aMilano ; Udine$cMimesis$d©2024 215 $a236 p.$cill.$d21 cm 225 1 $aEterotopie$v950 676 $a174.2$v23$zita 702 1$aBoniolo,$bGiovanni$f<1956- > 702 1$aMartinelli,$bEnrica$f<1961- > 801 0$aIT$bUNINA$gREICAT$2UNIMARC 901 $aBK 912 $a9911064727203321 952 $aII E 47$b2025/2016$fFGBC 959 $aFGBC 996 $aCura del paziente e la diversità spirituale$94545711 997 $aUNINA